000 00173 a2200097 4500
020 _a9780736431194
041 _aeng
100 _aRabe,tish
245 _aFrozen
942 _cBK
999 _c31866
_d31864